[Event "Madrid ch Veteranos 2223"]
[Site "Madrid ESP"]
[Date "2023.04.27"]
[Round "8.8"]
[White "Vazquez Gonzalez, Jesus"]
[Black "Alvarez Abejon, Amilcar"]
[Result "0-1"]
[WhiteElo "1908"]
[BlackElo "1875"]
[PlyCount "160"]
[EventDate "2023.04.17"]
[EventType "swiss"]
[EventRounds "9"]
[EventCountry "ESP"]
[SourceTitle "Ajedrez en Madrid"]
[Source "lmi"]
[SourceDate "2023.04.17"]
[SourceVersion "1"]
[SourceVersionDate "2023.05.22"]
[SourceQuality "1"]

1. e4 e5 2. Nf3 Nc6 3. Nc3 Nf6 4. Nxe5 Nxe5 5. d4 Ng6 6. e5 Bb4 7. exf6 Qxf6 8.
Be2 O-O 9. O-O Bxc3 10. bxc3 d6 11. Rb1 b6 12. Bf3 Rb8 13. Qd3 Bf5 14. Qa6 Nh4
15. Bc6 Qg6 16. Qxa7 Be4 17. Bxe4 Qxe4 18. f3 Qxc2 19. Rb2 Qxc3 20. Qa4 Ra8 21.
Qd1 Nf5 22. Rc2 Qxd4+ 23. Qxd4 Nxd4 24. Rxc7 Rxa2 25. Be3 Ne2+ 26. Kh1 b5 27.
Rb7 d5 28. Bc5 Rd8 29. Rxb5 d4 30. Be7 Re8 31. Rd5 h6 32. Bh4 g5 33. Bg3 Nxg3+
34. hxg3 Ree2 35. Rg1 Rad2 36. Kh2 Kg7 37. Kh3 Kg6 38. Rd8 d3 39. Rg8+ Kf6 40.
Rh8 Ke7 41. Rxh6 Rc2 42. Ra6 d2 43. Raa1 f5 44. Rgd1 Ke6 45. Kh2 Kd5 46. Ra8
Kd4 47. Raa1 Kd3 48. Kg1 Rb2 49. Kf1 Re6 50. Kf2 Kc2 51. Kf1 Kd3 52. Ra3+ Kc2
53. Raa1 Rb3 54. Kf2 Rd6 55. Ke2 Re6+ 56. Kf2 Rd3 57. Kf1 Rde3 58. Kf2 R3e5 59.
Kf1 Rd5 60. Kf2 Ra6 61. Rab1 Kc3 62. Ke2 Re6+ 63. Kf2 Rd7 64. Ra1 Kc2 65. Rab1
Rh7 66. Ra1 Rhe7 67. Kf1 Rb6 68. Kf2 Kc3 69. Ra2 Rd6 70. Raa1 Kc2 71. Rab1 Ree6
72. g4 f4 73. g3 fxg3+ 74. Kxg3 Rb6 75. Ra1 Ra6 76. f4 Rxa1 77. Rxa1 Re3+ 78.
Kf2 gxf4 79. Ra2+ Kc3 80. Ra1 Kb2 0-1

[Event "Madrid ch Veteranos 2223"]
[Site "Madrid ESP"]
[Date "2023.04.27"]
[Round "8.9"]
[White "Alonso Abad, Enrique"]
[Black "Viñas Lopez, Carlos"]
[Result "1-0"]
[WhiteElo "1901"]
[BlackElo "1853"]
[PlyCount "43"]
[EventDate "2023.04.17"]
[EventType "swiss"]
[EventRounds "9"]
[EventCountry "ESP"]
[SourceTitle "Ajedrez en Madrid"]
[Source "lmi"]
[SourceDate "2023.04.17"]
[SourceVersion "1"]
[SourceVersionDate "2023.05.22"]
[SourceQuality "1"]

1. e4 e6 2. d4 c5 3. Nf3 cxd4 4. Nxd4 Nf6 5. Bd3 Nc6 6. Nxc6 bxc6 7. O-O e5 8.
c4 Be7 9. Nc3 O-O 10. Qe2 d6 11. Rd1 Qc7 12. f3 Be6 13. Be3 Rab8 14. Rac1 Qb7
15. b3 h6 16. Qf2 a6 17. c5 Ne8 18. cxd6 Bxd6 19. Na4 f6 20. Bc5 Bc8 21. Bc4+
Kh8 22. Bxd6 1-0

[Event "Madrid ch Veteranos 2223"]
[Site "Madrid ESP"]
[Date "2023.04.27"]
[Round "8.10"]
[White "Suarez-Llanos Florez, Gonzalo"]
[Black "Jimenez Jimenez, Jose Luis"]
[Result "1-0"]
[WhiteElo "2052"]
[BlackElo "1737"]
[PlyCount "116"]
[EventDate "2023.04.17"]
[EventType "swiss"]
[EventRounds "9"]
[EventCountry "ESP"]
[SourceTitle "Ajedrez en Madrid"]
[Source "lmi"]
[SourceDate "2023.04.17"]
[SourceVersion "1"]
[SourceVersionDate "2023.05.22"]
[SourceQuality "1"]

1. d4 Nf6 2. Nf3 e6 3. c4 d5 4. Nc3 Be7 5. Bg5 Nbd7 6. e3 a6 7. cxd5 exd5 8.
Bd3 h6 9. Bh4 c6 10. O-O O-O 11. a4 Re8 12. a5 Nf8 13. Ne5 N6h7 14. Bg3 Be6 15.
Qc2 Bh4 16. f4 Bxg3 17. hxg3 Nf6 18. f5 Bd7 19. g4 c5 20. Be2 Rc8 21. Bf3 Bc6
22. Qd2 N8d7 23. Nxd7 Qxd7 24. dxc5 Qe7 25. Rac1 Qxe3+ 26. Qxe3 Rxe3 27. Rfd1
Rd8 28. Rd4 Kf8 29. Rcd1 Ke8 30. Kf2 Re5 31. Kg3 Rd7 32. Kf4 Ree7 33. b4 g5+
34. fxg6 fxg6 35. Nxd5 Bxd5 36. Bxd5 Re2 37. Bf3 Rb2 38. c6 Rxd4+ 39. Rxd4 bxc6
40. Bxc6+ Ke7 41. Bb7 Ke6 42. Bxa6 Nd5+ 43. Kf3 Rxb4 44. Bc4 Kf6 45. Re4 Nc7
46. Be2 Rb3+ 47. Re3 Rxe3+ 48. Kxe3 Nd5+ 49. Kf3 Ne7 50. a6 Nc8 51. Ke4 Ke6 52.
g5 h5 53. Bd3 Kd6 54. Kd4 Ne7 55. Bxg6 Nc6+ 56. Ke4 h4 57. Kf4 Kc7 58. Be4 Ne7
1-0

[Event "Madrid ch Veteranos 2223"]
[Site "Madrid ESP"]
[Date "2023.04.27"]
[Round "8.11"]
[White "Barahona Torrijos, Angel"]
[Black "Lopez de Turiso Sanchez, Jose Antonio"]
[Result "1/2-1/2"]
[WhiteElo "1696"]
[BlackElo "1904"]
[PlyCount "52"]
[EventDate "2023.04.17"]
[EventType "swiss"]
[EventRounds "9"]
[EventCountry "ESP"]
[SourceTitle "Ajedrez en Madrid"]
[Source "lmi"]
[SourceDate "2023.04.17"]
[SourceVersion "1"]
[SourceVersionDate "2023.05.22"]
[SourceQuality "1"]

1. e4 c5 2. a3 g6 3. d4 cxd4 4. c3 dxc3 5. Nxc3 Nc6 6. Bc4 Bg7 7. Nf3 d6 8. Qb3
e6 9. Bf4 Qe7 10. Rd1 d5 11. Bb5 d4 12. O-O Bd7 13. Nd5 exd5 14. exd5 Na5 15.
Qa4 Bxb5 16. Qxb5+ Qd7 17. Rfe1+ Ne7 18. Qxa5 O-O 19. Nxd4 Qxd5 20. Qxd5 Nxd5
21. Be5 Rfe8 22. Nf3 Bxe5 23. Nxe5 Rad8 24. g3 f6 25. Ng4 Rxe1+ 26. Rxe1 Kf7
1/2-1/2

[Event "Madrid ch Veteranos 2223"]
[Site "Madrid ESP"]
[Date "2023.04.27"]
[Round "8.12"]
[White "Camarero Izquierdo, Juan Carlos"]
[Black "Martin Martin, Luis Vicente"]
[Result "0-1"]
[WhiteElo "1680"]
[BlackElo "1871"]
[PlyCount "96"]
[EventDate "2023.04.17"]
[EventType "swiss"]
[EventRounds "9"]
[EventCountry "ESP"]
[SourceTitle "Ajedrez en Madrid"]
[Source "lmi"]
[SourceDate "2023.04.17"]
[SourceVersion "1"]
[SourceVersionDate "2023.05.22"]
[SourceQuality "1"]

1. e4 c5 2. Nf3 g6 3. d4 cxd4 4. Nxd4 Bg7 5. Bc4 Nc6 6. Nxc6 bxc6 7. O-O Nf6 8.
e5 Ng8 9. f4 Nh6 10. Kh1 O-O 11. Nd2 d5 12. Bd3 Bf5 13. Nf3 Qb6 14. Nh4 Bxd3
15. Qxd3 e6 16. Qh3 Qb5 17. Re1 c5 18. b3 d4 19. a4 Qc6 20. Ba3 Rfd8 21. Rad1
Nf5 22. Nxf5 exf5 23. c3 h5 24. Qh4 c4 25. bxc4 Qxa4 26. Be7 Rd7 27. cxd4 Qxc4
28. Qg5 Rxd4 29. e6 Rxd1 30. exf7+ Qxf7 31. Rxd1 Re8 32. Bc5 Bf6 33. Qg3 a5 34.
h3 Rd8 35. Rb1 Kg7 36. Qf3 Qd5 37. Qa3 Qe5 38. Rg1 Qxf4 39. Be3 Qb4 40. Qc1 Rd7
41. Bh6+ Kh7 42. Bg5 Bg7 43. Qc8 Qb7 44. Qe8 Rf7 45. Rd1 f4 46. Rf1 f3 47. Kh2
Qc7+ 48. g3 Qc2+ 0-1

[Event "Madrid ch Veteranos 2223"]
[Site "Madrid ESP"]
[Date "2023.04.27"]
[Round "8.13"]
[White "Perez Hernandez, Alfonso"]
[Black "Camacho Casado, Demetrio"]
[Result "0-1"]
[WhiteElo "1719"]
[BlackElo "1862"]
[PlyCount "70"]
[EventDate "2023.04.17"]
[EventType "swiss"]
[EventRounds "9"]
[EventCountry "ESP"]
[SourceTitle "Ajedrez en Madrid"]
[Source "lmi"]
[SourceDate "2023.04.17"]
[SourceVersion "1"]
[SourceVersionDate "2023.05.22"]
[SourceQuality "1"]

1. Nf3 Nf6 2. g3 g6 3. b3 Bg7 4. Bb2 O-O 5. Bg2 d6 6. c4 e5 7. d3 Nh5 8. Qc2 f5
9. Nbd2 Nc6 10. a3 f4 11. Ne4 h6 12. g4 Bxg4 13. O-O-O Qe7 14. Rhg1 Bf5 15. Nc3
g5 16. Nd5 Qd7 17. Nd2 Nd4 18. Bxd4 exd4 19. Nb4 c6 20. Qb2 a5 21. Nc2 Rae8 22.
Rde1 Re7 23. Be4 Bxe4 24. Nxe4 Rxe4 25. dxe4 d3 26. Nd4 c5 27. e3 cxd4 28. exd4
f3 29. Kb1 Nf4 30. Rd1 b5 31. Rge1 bxc4 32. bxc4 Qa7 33. Ka2 Rb8 34. Qd2 Qxd4
35. Rb1 Qxc4+ 0-1

[Event "Madrid ch Veteranos 2223"]
[Site "Madrid ESP"]
[Date "2023.04.27"]
[Round "8.14"]
[White "Lopez Molina, Santiago Jorge"]
[Black "Cano Mercado, Francisco Manuel"]
[Result "0-1"]
[WhiteElo "1857"]
[BlackElo "1728"]
[PlyCount "68"]
[EventDate "2023.04.17"]
[EventType "swiss"]
[EventRounds "9"]
[EventCountry "ESP"]
[SourceTitle "Ajedrez en Madrid"]
[Source "lmi"]
[SourceDate "2023.04.17"]
[SourceVersion "1"]
[SourceVersionDate "2023.05.22"]
[SourceQuality "1"]

1. e4 e6 2. d4 d5 3. Nc3 dxe4 4. f3 Nf6 5. fxe4 Bb4 6. Bg5 h6 7. Bxf6 Qxf6 8.
Nf3 O-O 9. Bc4 c5 10. O-O cxd4 11. Nb5 e5 12. Kh1 Bg4 13. Qd3 Qe7 14. a3 Bd6
15. Bd5 Nc6 16. c4 Bb8 17. c5 a6 18. Nd6 Bxd6 19. cxd6 Qxd6 20. Rac1 Be6 21.
Bxe6 Qxe6 22. Nh4 g6 23. Qg3 Kh7 24. Rf3 d3 25. Rxd3 Nd4 26. Rc7 Rac8 27. Rxc8
Rxc8 28. h3 Ne2 29. Qf2 Rc1+ 30. Kh2 Nf4 31. Rd8 Qc4 32. Qb6 Qf1 33. Qf6 Qh1+
34. Kg3 Nh5+ 0-1

[Event "Madrid ch Veteranos 2223"]
[Site "Madrid ESP"]
[Date "2023.04.27"]
[Round "8.15"]
[White "Martin Garcia, Luis I"]
[Black "Lobato Palomo, Manuel Angel"]
[Result "1-0"]
[WhiteElo "1814"]
[BlackElo "1689"]
[PlyCount "85"]
[EventDate "2023.04.17"]
[EventType "swiss"]
[EventRounds "9"]
[EventCountry "ESP"]
[SourceTitle "Ajedrez en Madrid"]
[Source "lmi"]
[SourceDate "2023.04.17"]
[SourceVersion "1"]
[SourceVersionDate "2023.05.22"]
[SourceQuality "1"]

1. e4 e6 2. d4 d5 3. Nc3 Nc6 4. e5 f6 5. Nf3 fxe5 6. dxe5 Bd7 7. a3 Nge7 8. Bd3
Nf5 9. Bxf5 exf5 10. Qxd5 Ne7 11. Qc4 Qc8 12. Nd4 c5 13. Ndb5 Ng6 14. O-O Be6
15. Nc7+ Kf7 16. Nxe6 Qxe6 17. Qxe6+ Kxe6 18. f4 Rd8 19. Be3 Be7 20. g3 Rd7 21.
Rad1 Rhd8 22. Rxd7 Rxd7 23. Kf2 Nf8 24. h4 g6 25. Ke2 b6 26. a4 a6 27. Rg1 Rd8
28. b3 Rd7 29. Nb1 Bd8 30. Nd2 Bc7 31. Nf3 Kf7 32. Bd2 h6 33. Bc3 Ne6 34. Rh1
Bd8 35. Rd1 Ke7 36. Nd2 Bc7 37. Nc4 Rxd1 38. Kxd1 Kd7 39. Ne3 Kc6 40. Ke2 Bd8
41. h5 Nd4+ 42. Bxd4 cxd4 43. hxg6 1-0

[Event "Madrid ch Veteranos 2223"]
[Site "Madrid ESP"]
[Date "2023.04.27"]
[Round "8.16"]
[White "Hetz, Robert"]
[Black "Pareja Vicente, Antonio"]
[Result "1/2-1/2"]
[WhiteElo "1627"]
[BlackElo "1783"]
[PlyCount "113"]
[EventDate "2023.04.17"]
[EventType "swiss"]
[EventRounds "9"]
[EventCountry "ESP"]
[SourceTitle "Ajedrez en Madrid"]
[Source "lmi"]
[SourceDate "2023.04.17"]
[SourceVersion "1"]
[SourceVersionDate "2023.05.22"]
[SourceQuality "1"]

1. d4 Nf6 2. c4 b6 3. Nc3 Bb7 4. Nf3 e6 5. e3 Bb4 6. a3 Bxc3+ 7. bxc3 O-O 8.
Bd3 Re8 9. O-O d5 10. cxd5 exd5 11. Qc2 Nbd7 12. Bf5 Ne4 13. Bxd7 Qxd7 14. Ne5
Qe6 15. f3 Nd6 16. Qf2 f6 17. Nd3 Ba6 18. Nf4 Qf5 19. Re1 Bc4 20. g4 Qd7 21.
Kh1 Re7 22. Rg1 g6 23. g5 f5 24. h4 Rae8 25. Bd2 Nb7 26. h5 Kg7 27. Rg2 Rh8 28.
Rh2 Ree8 29. Kg2 Nd8 30. Rah1 Ne6 31. Nxe6+ Qxe6 32. hxg6 hxg6 33. Rxh8 Rxh8
34. Rxh8 Kxh8 35. Qh4+ Kg8 36. Qf4 Qe7 37. Qe5 Qxg5+ 38. Qg3 Qxg3+ 39. Kxg3 Kf7
40. f4 Kf6 41. Kh4 a5 42. Be1 Be2 43. Kg3 g5 44. fxg5+ Kxg5 45. Bd2 Kf6 46. Be1
Ke6 47. Kg2 c5 48. dxc5 bxc5 49. Bh4 Kd7 50. Kf2 Bd3 51. Ke1 Kc6 52. Kd2 Be4
53. a4 Kb6 54. Bd8+ Ka6 55. Be7 d4 56. Bxc5 dxc3+ 57. Kxc3 1/2-1/2

[Event "Madrid ch Veteranos 2223"]
[Site "Madrid ESP"]
[Date "2023.04.27"]
[Round "8.17"]
[White "De Dompablo Fantova, Juan"]
[Black "Estrada Martinez, Cesar"]
[Result "0-1"]
[WhiteElo "1665"]
[BlackElo "1903"]
[PlyCount "84"]
[EventDate "2023.04.17"]
[EventType "swiss"]
[EventRounds "9"]
[EventCountry "ESP"]
[SourceTitle "Ajedrez en Madrid"]
[Source "lmi"]
[SourceDate "2023.04.17"]
[SourceVersion "1"]
[SourceVersionDate "2023.05.22"]
[SourceQuality "1"]

1. e4 c5 2. Nc3 Nc6 3. f4 d6 4. Nf3 Nf6 5. Bb5 e6 6. Bxc6+ bxc6 7. d3 Be7 8.
O-O O-O 9. Qe1 Rb8 10. b3 d5 11. e5 Nd7 12. Na4 Nb6 13. Ba3 Nxa4 14. bxa4 c4
15. Bxe7 Qxe7 16. d4 c5 17. c3 Bd7 18. Qe3 cxd4 19. Nxd4 Rb2 20. Rfb1 Rfb8 21.
Qc1 Qa3 22. Nb5 Rxb1 23. Rxb1 Qxc1+ 24. Rxc1 Bxb5 25. Rb1 a6 26. Kf2 Ra8 27.
axb5 axb5 28. Rxb5 Rxa2+ 29. Kf3 g6 30. h4 Rc2 31. g4 Rxc3+ 32. Kg2 Rd3 33. f5
exf5 34. gxf5 gxf5 35. h5 Kg7 36. Rb6 h6 37. Rf6 c3 38. Rc6 d4 39. Rc4 Rd2+ 40.
Kf3 c2 41. Rc7 Rd3+ 42. Ke2 Rc3 0-1

[Event "Madrid ch Veteranos 2223"]
[Site "Madrid ESP"]
[Date "2023.04.27"]
[Round "8.18"]
[White "Garcia Martin, Esteban"]
[Black "Marcos Medina, Alejandro"]
[Result "1-0"]
[WhiteElo "1809"]
[BlackElo "1692"]
[PlyCount "101"]
[EventDate "2023.04.17"]
[EventType "swiss"]
[EventRounds "9"]
[EventCountry "ESP"]
[SourceTitle "Ajedrez en Madrid"]
[Source "lmi"]
[SourceDate "2023.04.17"]
[SourceVersion "1"]
[SourceVersionDate "2023.05.22"]
[SourceQuality "1"]

1. c4 c5 2. Nc3 Nc6 3. g3 g6 4. Bg2 Bg7 5. e4 d6 6. Nge2 e6 7. O-O Nge7 8. d3
O-O 9. Be3 Nd4 10. Rb1 Nec6 11. a3 Nxe2+ 12. Nxe2 Nd4 13. Nxd4 Bxd4 14. Bxd4
cxd4 15. b4 e5 16. Qd2 Bd7 17. f4 f6 18. Rf2 Qe7 19. b5 b6 20. Qb4 g5 21. a4
Rf7 22. a5 Rg7 23. f5 bxa5 24. Qxa5 Bc8 25. b6 Qb7 26. Rfb2 a6 27. c5 Qc6 28.
cxd6 Bb7 29. Bf3 Qxd6 30. Bd1 Kf8 31. Bb3 Rc8 32. Be6 Rc3 33. Bc4 Ra3 34. Qb4
Qxb4 35. Rxb4 Ke7 36. Rc1 Kd6 37. Bd5 Bxd5 38. exd5 Rb7 39. Rc6+ Kd7 40. Rxf6
Rc3 41. Re6 Rc5 42. d6 Kc6 43. Re7 a5 44. Rb1 Rxb6 45. Rxb6+ Kxb6 46. f6 e4 47.
f7 Rf5 48. d7 Kc7 49. Re8 Kxd7 50. f8=Q Rxf8 51. Rxf8 1-0

[Event "Madrid ch Veteranos 2223"]
[Site "Madrid ESP"]
[Date "2023.04.27"]
[Round "8.20"]
[White "Rodriguez Rodriguez, Ricardo"]
[Black "Balsera Gomez, Antonio"]
[Result "1-0"]
[WhiteElo "1568"]
[BlackElo "1718"]
[PlyCount "79"]
[EventDate "2023.04.17"]
[EventType "swiss"]
[EventRounds "9"]
[EventCountry "ESP"]
[SourceTitle "Ajedrez en Madrid"]
[Source "lmi"]
[SourceDate "2023.04.17"]
[SourceVersion "1"]
[SourceVersionDate "2023.05.22"]
[SourceQuality "1"]

1. b3 e5 2. Bb2 Nc6 3. e3 d6 4. Bb5 Bd7 5. Nf3 g6 6. d4 Bg7 7. O-O Nge7 8. d5
Nb8 9. Be2 O-O 10. Ne1 a5 11. Nc3 f5 12. f4 c6 13. dxc6 Bxc6 14. Qd2 exf4 15.
exf4 Qb6+ 16. Kh1 d5 17. Na4 Bxa4 18. Bxg7 Kxg7 19. bxa4 Nbc6 20. Nf3 Rfd8 21.
Rab1 Qc7 22. c3 Ng8 23. Rb5 Nf6 24. Ng5 Re8 25. Rfb1 Nd8 26. Bf3 Rc8 27. Bxd5
Qxc3 28. Qxc3 Rxc3 29. Bxb7 Rc2 30. Bd5 Nxd5 31. Rxd5 h6 32. Rxd8 Rxd8 33. Ne6+
Kf6 34. Nxd8 Rxa2 35. g3 Rxa4 36. Rb6+ Kg7 37. Kg2 Ra2+ 38. Kh3 g5 39. Ne6+ Kg6
40. Nxg5+ 1-0

[Event "Madrid ch Veteranos 2223"]
[Site "Madrid ESP"]
[Date "2023.04.27"]
[Round "8.21"]
[White "Lopez Heras, Arturo"]
[Black "Martinez Pintor, Juan"]
[Result "1-0"]
[WhiteElo "1708"]
[BlackElo "1545"]
[PlyCount "63"]
[EventDate "2023.04.17"]
[EventType "swiss"]
[EventRounds "9"]
[EventCountry "ESP"]
[SourceTitle "Ajedrez en Madrid"]
[Source "lmi"]
[SourceDate "2023.04.17"]
[SourceVersion "1"]
[SourceVersionDate "2023.05.22"]
[SourceQuality "1"]

1. c4 c6 2. e4 d5 3. exd5 cxd5 4. d4 Nf6 5. Nc3 e6 6. Nf3 h6 7. a3 a5 8. c5 b6
9. cxb6 Qxb6 10. Bb5+ Bd7 11. Qb3 Be7 12. O-O O-O 13. Bf4 Bd6 14. Bxd6 Qxd6 15.
Ne5 Bxb5 16. Qxb5 Nbd7 17. f4 Rfb8 18. Qe2 Qb6 19. Qd3 Nxe5 20. fxe5 Nd7 21.
Rab1 Nxe5 22. Qe3 Nc4 23. Qf4 Nd6 24. Kh1 Rf8 25. Na4 Qc6 26. Nc5 Rab8 27. Rbc1
Nf5 28. g4 g5 29. Qe5 Nh4 30. Ne4 Nf3 31. Nf6+ Kh8 32. Qxb8 1-0

[Event "Madrid ch Veteranos 2223"]
[Site "Madrid ESP"]
[Date "2023.04.27"]
[Round "8.22"]
[White "Garcia Galeote, Lorenzo"]
[Black "Carrera Cabaneros, Francisco"]
[Result "1-0"]
[WhiteElo "1896"]
[BlackElo "1684"]
[PlyCount "77"]
[EventDate "2023.04.17"]
[EventType "swiss"]
[EventRounds "9"]
[EventCountry "ESP"]
[SourceTitle "Ajedrez en Madrid"]
[Source "lmi"]
[SourceDate "2023.04.17"]
[SourceVersion "1"]
[SourceVersionDate "2023.05.22"]
[SourceQuality "1"]

1. d4 Nf6 2. c4 e6 3. Nc3 b6 4. e4 d6 5. g3 Bb7 6. Bg2 Be7 7. Nge2 O-O 8. O-O
c5 9. h3 Nc6 10. Be3 Re8 11. Qd2 a6 12. Rfd1 Qc7 13. Rac1 Rad8 14. b3 e5 15.
dxc5 bxc5 16. Nd5 Nxd5 17. cxd5 Nb8 18. b4 Nd7 19. Rc2 Qb8 20. Rb1 Rc8 21. Rcb2
c4 22. b5 Qa8 23. a4 Nc5 24. Bxc5 Rxc5 25. Nc3 Rec8 26. h4 Bd8 27. Bh3 R8c7 28.
bxa6 Qxa6 29. Rb6 Qa7 30. Rxd6 Be7 31. Rdb6 Bc8 32. d6 Bxh3 33. dxc7 Rxc7 34.
Rb8+ Rc8 35. Rxc8+ Bxc8 36. Qd5 Qd4 37. Rb8 Qxc3 38. Rxc8+ Bf8 39. Rxf8+ 1-0

[Event "Madrid ch Veteranos 2223"]
[Site "Madrid ESP"]
[Date "2023.04.27"]
[Round "8.23"]
[White "Villodre Miranda, Juan Alonso"]
[Black "Villares Galiano, Luis"]
[Result "1/2-1/2"]
[WhiteElo "1537"]
[BlackElo "1887"]
[PlyCount "55"]
[EventDate "2023.04.17"]
[EventType "swiss"]
[EventRounds "9"]
[EventCountry "ESP"]
[SourceTitle "Ajedrez en Madrid"]
[Source "lmi"]
[SourceDate "2023.04.17"]
[SourceVersion "1"]
[SourceVersionDate "2023.05.22"]
[SourceQuality "1"]

1. c4 e5 2. e4 Bc5 3. Nc3 a6 4. g3 d6 5. Bg2 Nc6 6. h3 Nge7 7. Nge2 O-O 8. O-O
f5 9. d3 Ng6 10. exf5 Bxf5 11. Ne4 Ba7 12. Be3 Kh8 13. Bxa7 Rxa7 14. d4 Ra8 15.
b3 Qe7 16. d5 Nd8 17. N2c3 Nf7 18. Qd2 Rae8 19. Rae1 Qd8 20. Kh2 b6 21. f3 Bxe4
22. Nxe4 Ne7 23. f4 exf4 24. Rxf4 Ng6 25. Rf2 Re5 26. Ref1 Nh6 27. Rxf8+ Nxf8
28. Nf2 1/2-1/2

[Event "Madrid ch Veteranos 2223"]
[Site "Madrid ESP"]
[Date "2023.04.27"]
[Round "8.24"]
[White "Perez Fajardo, Daniel"]
[Black "Fernandez Garcia, Ignacio"]
[Result "0-1"]
[WhiteElo "1495"]
[BlackElo "1851"]
[PlyCount "88"]
[EventDate "2023.04.17"]
[EventType "swiss"]
[EventRounds "9"]
[EventCountry "ESP"]
[SourceTitle "Ajedrez en Madrid"]
[Source "lmi"]
[SourceDate "2023.04.17"]
[SourceVersion "1"]
[SourceVersionDate "2023.05.22"]
[SourceQuality "1"]

1. e4 e6 2. Nf3 d5 3. exd5 exd5 4. d4 Bg4 5. Be2 Nf6 6. Bg5 Bb4+ 7. c3 Be7 8.
O-O O-O 9. Nbd2 Nbd7 10. Bd3 c5 11. Re1 c4 12. Bc2 Bd6 13. Qb1 Qc7 14. h3 Bh5
15. Nh4 Bg6 16. Nxg6 hxg6 17. Qd1 Rfe8 18. Qf3 b5 19. a3 a5 20. Re3 Rxe3 21.
fxe3 Re8 22. e4 dxe4 23. Nxe4 Nxe4 24. Bxe4 Rf8 25. Bh4 Nb6 26. Bf2 b4 27. axb4
axb4 28. Bc6 bxc3 29. bxc3 Rb8 30. Rb1 Nd5 31. Rxb8+ Qxb8 32. Kf1 Qb1+ 33. Be1
Nf4 34. Be4 Nd3 35. Bxd3 cxd3 36. Qe3 Qc2 37. Bd2 g5 38. Qe1 Bf4 39. Qe8+ Kh7
40. Qxf7 Qxd2 41. Qf5+ Kh6 42. Qe6+ g6 43. Qe8 Qc1+ 44. Kf2 Bg3+ 0-1

[Event "Madrid ch Veteranos 2223"]
[Site "Madrid ESP"]
[Date "2023.04.27"]
[Round "8.26"]
[White "Menendez Domens, Juan Manuel"]
[Black "Alberdi Garcia, Carlos Alfonso"]
[Result "1-0"]
[WhiteElo "1460"]
[BlackElo "1699"]
[PlyCount "99"]
[EventDate "2023.04.17"]
[EventType "swiss"]
[EventRounds "9"]
[EventCountry "ESP"]
[SourceTitle "Ajedrez en Madrid"]
[Source "lmi"]
[SourceDate "2023.04.17"]
[SourceVersion "1"]
[SourceVersionDate "2023.05.22"]
[SourceQuality "1"]

1. d4 Nf6 2. Nf3 e6 3. e3 d5 4. Bd3 c5 5. c3 b6 6. Nbd2 Bb7 7. O-O Nbd7 8. Qe2
Ne4 9. c4 Bd6 10. cxd5 exd5 11. Re1 O-O 12. b3 Re8 13. Bb2 f5 14. Bc2 Rc8 15.
Rac1 Qe7 16. Rf1 Qf7 17. Ne1 Qg6 18. Nxe4 fxe4 19. f3 Qh5 20. g4 exf3 21. gxh5
fxe2 22. Rf3 Rf8 23. Bd3 Rxf3 24. Nxf3 Nf6 25. Bxe2 Nxh5 26. Ng5 Nf6 27. Rf1 h6
28. Nf3 Re8 29. Ne5 Bxe5 30. dxe5 Nd7 31. Bh5 Re7 32. e6 Nf6 33. Bf7+ Kh7 34.
Be5 Ne8 35. Rf4 Bc8 36. Bxe8 Rxe8 37. Rf7 Rg8 38. e7 Bd7 39. Kf2 h5 40. h4 Kh6
41. Rf8 Kh7 42. Kf3 c4 43. bxc4 dxc4 44. Ke4 g5 45. hxg5 Rxg5 46. Rh8+ Kg6 47.
Rg8+ Kh6 48. Bf4 Bc6+ 49. Kd4 Kh7 50. Rxg5 1-0

[Event "Madrid ch Veteranos 2223"]
[Site "Madrid ESP"]
[Date "2023.04.27"]
[Round "8.27"]
[White "Pashov, Spas Nikolov"]
[Black "Jimenez Ascarza, Jose Ignacio"]
[Result "1/2-1/2"]
[WhiteElo "1794"]
[BlackElo "1534"]
[PlyCount "109"]
[EventDate "2023.04.17"]
[EventType "swiss"]
[EventRounds "9"]
[EventCountry "ESP"]
[SourceTitle "Ajedrez en Madrid"]
[Source "lmi"]
[SourceDate "2023.04.17"]
[SourceVersion "1"]
[SourceVersionDate "2023.05.22"]
[SourceQuality "1"]

1. e4 c5 2. Nf3 e6 3. d4 cxd4 4. Nxd4 Nf6 5. Bd3 Nc6 6. Be3 Qc7 7. O-O a6 8. c4
Nxd4 9. Bxd4 e5 10. Be3 h6 11. Nc3 Bc5 12. Qe2 d6 13. Nd5 Nxd5 14. exd5 O-O 15.
Bxc5 Qxc5 16. Qe3 Qxe3 17. fxe3 f5 18. e4 f4 19. b4 Rf6 20. a3 Rg6 21. Kf2 Bd7
22. Be2 Rf8 23. Rfc1 Rgf6 24. c5 dxc5 25. Rxc5 g5 26. Rc7 f3 27. gxf3 Bb5 28.
Rc3 g4 29. Bxb5 Rxf3+ 30. Rxf3 Rxf3+ 31. Ke2 axb5 32. Rd1 Kf7 33. d6 Ke8 34.
Rd5 Rxa3 35. Rxe5+ Kd7 36. Rh5 Kxd6 37. Rxh6+ Ke5 38. Rg6 Kf4 39. Kd2 Ra2+ 40.
Kd3 Rxh2 41. Rf6+ Kg5 42. Rf5+ Kh4 43. Rxb5 g3 44. Rxb7 g2 45. Rh7+ Kg3 46.
Rg7+ Kf2 47. Rf7+ Ke1 48. Rg7 Rh3+ 49. Kd4 Kf2 50. Rxg2+ Kxg2 51. b5 Rb3 52.
Kc5 Re3 53. b6 Rxe4 54. Kd5 Rb4 55. Kc6 1/2-1/2

[Event "Madrid ch Veteranos 2223"]
[Site "Madrid ESP"]
[Date "2023.04.27"]
[Round "8.28"]
[White "Perez Pascual, Arturo"]
[Black "Carbo de Haya, Jaime"]
[Result "1-0"]
[WhiteElo "1622"]
[BlackElo "1238"]
[PlyCount "47"]
[EventDate "2023.04.17"]
[EventType "swiss"]
[EventRounds "9"]
[EventCountry "ESP"]
[SourceTitle "Ajedrez en Madrid"]
[Source "lmi"]
[SourceDate "2023.04.17"]
[SourceVersion "1"]
[SourceVersionDate "2023.05.22"]
[SourceQuality "1"]

1. e4 c5 2. Nf3 d6 3. d4 cxd4 4. Nxd4 Nf6 5. Nc3 a6 6. Bg5 e6 7. f4 Be7 8. Qf3
h6 9. Bh4 O-O 10. O-O-O Re8 11. g4 Nh7 12. Bxe7 Qxe7 13. h4 e5 14. Nd5 Qd8 15.
Nf5 Bxf5 16. exf5 exf4 17. Qg2 Nf6 18. Rg1 Nh5 19. Nxf4 Qxh4 20. Nxh5 g5 21.
fxg6 f6 22. Bc4+ Kf8 23. g7+ Ke7 24. g8=Q 1-0

[Event "Madrid ch Veteranos 2223"]
[Site "Madrid ESP"]
[Date "2023.04.27"]
[Round "8.30"]
[White "Siddiqie, Kausar Iqbal"]
[Black "Diaz Begonte, Manuel"]
[Result "1-0"]
[WhiteElo "1265"]
[BlackElo "1536"]
[PlyCount "75"]
[EventDate "2023.04.17"]
[EventType "swiss"]
[EventRounds "9"]
[EventCountry "ESP"]
[SourceTitle "Ajedrez en Madrid"]
[Source "lmi"]
[SourceDate "2023.04.17"]
[SourceVersion "1"]
[SourceVersionDate "2023.05.22"]
[SourceQuality "1"]

1. e4 d5 2. exd5 Nf6 3. Nf3 Nxd5 4. Bc4 g6 5. d4 c6 6. a4 Bg7 7. h3 O-O 8. O-O
Re8 9. a5 a6 10. c3 Bf5 11. Bg5 Nd7 12. Re1 N7f6 13. Nbd2 h6 14. Bh4 g5 15. Bg3
e6 16. Qb3 Qc8 17. h4 Nh5 18. Be5 f6 19. Bd6 g4 20. Nh2 Qd7 21. Bc5 Kh8 22.
Nhf1 Nhf4 23. Ng3 h5 24. Nxf5 exf5 25. Nf1 Ng6 26. g3 Kh7 27. Bd3 Kh6 28. Qc2
Nge7 29. c4 Nc7 30. Bxe7 Rxe7 31. Rxe7 Qxe7 32. Bxf5 Bf8 33. Qd2+ Kg7 34. Ne3
Rd8 35. Bxg4 Qe4 36. Nf5+ Kh7 37. Bh3 Rxd4 38. Qxd4 1-0